[Event "Outaouais op"]
[Site "Hull CAN"]
[Date "1985.11.30"]
[Round "3"]
[White "Burgess, Doug"]
[Black "Brodie, Hugh"]
[Result "1/2-1/2"]
[WhiteElo "1726"]
[BlackElo "1931"]
[PlyCount "107"]
[EventDate "1985.11.29"]
[EventType "swiss"]
[EventRounds "5"]
[EventCountry "CAN"]

1. e4 c5 2. d4 cxd4 3. c3 d5 4. Qxd4 dxe4 5. Qxe4 Nc6 6. Nf3 Nf6 7. Qh4 Bg4 8.
Nbd2 e6 9. Bc4 Be7 10. O-O Bf5 11. Nb3 Ne4 12. Qf4 Bd6 13. Qh4 Qc7 14. Bb5 O-O
15. Bxc6 bxc6 16. Nbd4 Bg6 17. Ne2 Rad8 18. Bf4 Bxf4 19. Qxf4 Qxf4 20. Nxf4 Nd2
21. Nxd2 Rxd2 22. Nxg6 hxg6 23. b3 Rfd8 24. Rfe1 Rc2 25. Rad1 Rxd1 26. Rxd1
Rxa2 27. Rd8+ Kh7 28. Kf1 g5 29. g4 Kg6 30. Rd7 Ra3 31. Rb7 c5 32. Kg2 a5 33.
Rb5 c4 34. bxc4 Rxc3 35. Rxa5 Rxc4 36. h3 Rc6 37. f3 f5 38. Re5 Rc2+ 39. Kg1
Kf6 40. Rb5 Rd2 41. Rb1 Re2 42. Rb5 Rd2 43. gxf5 exf5 44. Rc5 Re2 45. Rb5 Rc2
46. Ra5 Rc4 47. Kg2 g4 48. hxg4 fxg4 49. fxg4 Rxg4+ 50. Kf3 Rb4 51. Kg3 Kg6 52.
Rc5 Kh6 53. Ra5 g5 54. Ra8 1/2-1/2

[Event "Outaouais op"]
[Site "Hull CAN"]
[Date "1985.12.01"]
[Round "4"]
[White "Brodie, Hugh"]
[Black "Palsson, Halldor"]
[Result "0-1"]
[WhiteElo "1931"]
[BlackElo "1910"]
[PlyCount "66"]
[EventDate "1985.11.29"]
[EventType "swiss"]
[EventRounds "5"]
[EventCountry "CAN"]

1. f4 d5 2. e3 c5 3. b3 g6 4. Bb2 Nf6 5. Nf3 Bg7 6. Be2 Nc6 7. O-O O-O 8. Ne5
Qc7 9. Nxc6 bxc6 10. Qe1 a5 11. Qh4 Ba6 12. Bxa6 Rxa6 13. d3 c4 14. Nd2 cxd3
15. cxd3 Qb6 16. Qe1 a4 17. Qe2 Rfa8 18. h3 Nh5 19. Bxg7 Ng3 20. Qf2 Nxf1 21.
Bd4 c5 22. Bxc5 Qxc5 23. Rxf1 Qc2 24. f5 Qxd3 25. fxg6 Qxg6 26. b4 Rc8 27. Qe2
Rc2 28. Rf4 Kf8 29. Qb5 Qc6 30. Qb8+ Qc8 31. Qe5 f6 32. Nf3 Qe6 33. Qb8+ Rc8
0-1

[Event "Outaouais op"]
[Site "Hull CAN"]
[Date "1985.12.01"]
[Round "5"]
[White "Roy, Roger"]
[Black "Brodie, Hugh"]
[Result "0-1"]
[WhiteElo "1647"]
[BlackElo "1931"]
[PlyCount "88"]
[EventDate "1985.11.29"]
[EventType "swiss"]
[EventRounds "5"]
[EventCountry "CAN"]

1. e4 c5 2. Nf3 Nc6 3. d4 cxd4 4. Nxd4 g6 5. Nc3 Bg7 6. Be3 Nf6 7. Bc4 Qa5 8.
Nb3 Qc7 9. Bd3 d6 10. f3 O-O 11. Qd2 Bd7 12. Bh6 Ne5 13. Bxg7 Kxg7 14. O-O-O
Rfc8 15. h4 Nxd3+ 16. Qxd3 b5 17. g4 b4 18. Nd5 Nxd5 19. exd5 a5 20. Rd2 a4 21.
Nd4 b3 22. a3 bxc2 23. Rxc2 Qb7 24. Rxc8 Rxc8+ 25. Kb1 Qxd5 26. Ka1 Be6 27.
Nxe6+ fxe6 28. Qxd5 exd5 29. Rd1 e6 30. Ka2 Rc4 31. Rd2 Kf6 32. b3 axb3+ 33.
Kxb3 Ke7 34. Rd3 Kd7 35. Rd1 Kc6 36. Re1 e5 37. Re3 Kb5 38. Rd3 d4 39. Kb2 d5
40. Kb3 e4 41. fxe4 dxe4 42. Rh3 e3 43. g5 e2 44. Rh1 d3 0-1

[Event "Eatern Ontario op"]
[Site "Ottawa CAN"]
[Date "1985.08.24"]
[Round "1"]
[White "Moshopoulos, Angelos"]
[Black "Brodie, Hugh"]
[Result "1-0"]
[WhiteElo "1865"]
[BlackElo "1956"]
[PlyCount "119"]
[EventDate "1985.09.24"]
[EventType "swiss"]
[EventRounds "5"]
[EventCountry "CAN"]

1. e4 c5 2. Nf3 Nc6 3. d4 cxd4 4. Nxd4 g6 5. Be3 Nf6 6. Nc3 Bg7 7. f3 Qa5 8.
Nb3 Qc7 9. Qd2 d6 10. O-O-O Be6 11. Nb5 Qc8 12. N5d4 Nxd4 13. Bxd4 O-O 14. h4
a5 15. Kb1 a4 16. Nc1 h5 17. Bd3 Bc4 18. g4 Bxd3 19. cxd3 Kh7 20. Ne2 Ra6 21.
Rc1 Rc6 22. Bxf6 Bxf6 23. gxh5 gxh5 24. Ng3 Rg8 25. Nxh5 Rxc1+ 26. Rxc1 Qe6 27.
f4 Bd4 28. f5 Qe5 29. Nf4 Rg4 30. Nh3 Qg3 31. Ng5+ Kg7 32. Qc2 Rxh4 33. Qc4
Qxg5 34. Qxd4+ Kh7 35. Qxa4 Rh2 36. Qd4 Qg2 37. a3 Rh3 38. Rg1 Rh1 39. Rxh1+
Qxh1+ 40. Ka2 Qd1 41. Qd5 Kg8 42. Qd4 Qc2 43. Qc4 Qd1 44. Qc8+ Kg7 45. Qc3+ Kg8
46. Qc8+ Kg7 47. Qc3+ Kg8 48. Qb3 Qd2 49. Qc3 Qd1 50. d4 Qe2 51. Qc8+ Kh7 52.
Qxb7 Qc4+ 53. Qb3 Qxd4 54. Qxf7+ Kh8 55. Qf8+ Kh7 56. Qxe7+ Kh8 57. Qe6 d5 58.
Qxd5 Qg7 59. e5 Qf7 60. e6 1-0

[Event "Eatern Ontario op"]
[Site "Ottawa CAN"]
[Date "1985.08.24"]
[Round "2"]
[White "Brodie, Hugh"]
[Black "Gordon, David"]
[Result "1/2-1/2"]
[WhiteElo "1956"]
[BlackElo "1891"]
[PlyCount "67"]
[EventDate "1985.09.24"]
[EventType "swiss"]
[EventRounds "5"]
[EventCountry "CAN"]

1. e4 e6 2. Nf3 d5 3. e5 c5 4. b4 cxb4 5. d4 Nc6 6. Bd3 Bd7 7. O-O g6 8. Be3
Nge7 9. Ng5 Nf5 10. Nh3 Ncxd4 11. Bxd4 Nxd4 12. Bxg6 Ne2+ 13. Qxe2 hxg6 14. Nd2
Qc7 15. Nb3 Rh5 16. Rfe1 Bg7 17. f4 Qb6+ 18. Kh1 Bc6 19. Nf2 O-O-O 20. Red1
Rdh8 21. Ng4 Bb5 22. Qf3 f5 23. exf6 Bxf6 24. Rab1 Bd7 25. h3 Bc3 26. Ne5 Bxe5
27. fxe5 Rxe5 28. Qf6 Reh5 29. Qxg6 Qf2 30. Rd3 e5 31. Rf3 Qe2 32. Qd3 Qxd3 33.
cxd3 e4 34. dxe4 1/2-1/2

[Event "Eatern Ontario op"]
[Site "Ottawa CAN"]
[Date "1985.09.24"]
[Round "3"]
[White "Brodie, Hugh"]
[Black "Langer, Herb"]
[Result "1-0"]
[WhiteElo "1956"]
[BlackElo "1800"]
[PlyCount "117"]
[EventDate "1985.09.24"]
[EventType "swiss"]
[EventRounds "5"]
[EventCountry "CAN"]

1. f4 d5 2. Nf3 Nf6 3. e3 h6 4. b3 Bg4 5. Bb2 e6 6. Be2 Bd6 7. Ne5 Bxe2 8. Qxe2
Nbd7 9. O-O c6 10. d3 Qc7 11. Nxd7 Qxd7 12. Nd2 Qc7 13. Nf3 O-O-O 14. Ne5 Rhg8
15. Kh1 Rdf8 16. c4 Nd7 17. cxd5 exd5 18. Nxd7 Qxd7 19. e4 dxe4 20. dxe4 f6 21.
Rad1 Qc7 22. e5 fxe5 23. fxe5 Rxf1+ 24. Rxf1 Bc5 25. Qg4+ Kb8 26. Qc4 Rf8 27.
Rd1 Qe7 28. h3 Bb6 29. e6 Rf2 30. Be5+ Kc8 31. Qg4 h5 32. Qxh5 Bd8 33. Qg4 Rxa2
34. Bd6 Qg5 35. e7+ Qxg4 36. exd8=Q+ Kxd8 37. hxg4 g6 38. Kh2 Kd7 39. Bf4+ Ke7
40. Rd3 a5 41. Rd2 Ra1 42. Be5 Rb1 43. Rb2 Rxb2 44. Bxb2 b5 45. Kg3 Kd6 46. Kf4
Kc5 47. Bc3 a4 48. bxa4 bxa4 49. Ke3 Kc4 50. Kd2 Kb3 51. g5 c5 52. Bf6 c4 53.
Bg7 a3 54. Bf6 Ka2 55. Kc3 Kb1 56. Kxc4 Kc2 57. Kd4 a2 58. Ke4 Kd2 59. Ba1 1-0

[Event "Eatern Ontario op"]
[Site "Ottawa CAN"]
[Date "1985.09.25"]
[Round "4"]
[White "Danilov, Alex"]
[Black "Brodie, Hugh"]
[Result "1-0"]
[WhiteElo "1766"]
[BlackElo "1956"]
[PlyCount "63"]
[EventDate "1985.09.24"]
[EventType "swiss"]
[EventRounds "5"]
[EventCountry "CAN"]

1. d4 e6 2. c4 Bb4+ 3. Bd2 Qe7 4. a3 Bxd2+ 5. Qxd2 f5 6. g3 Nf6 7. Bg2 O-O 8.
Nc3 d6 9. Nf3 c6 10. O-O e5 11. e3 Nbd7 12. Rad1 Nb6 13. c5 dxc5 14. dxe5 Nfd5
15. Qc2 Nc4 16. Nxd5 cxd5 17. Rxd5 Be6 18. Qxc4 Bxd5 19. Qxd5+ Kh8 20. Qd6 Rfe8
21. Qxe7 Rxe7 22. Rd1 Rae8 23. Rd5 b6 24. h4 g6 25. Bh3 Kg7 26. h5 Kh6 27. g4
fxg4 28. Bxg4 gxh5 29. Rd6+ Kg7 30. Bxh5 Rf8 31. Kg2 Kg8 32. Kf1 1-0

[Event "Toronto int."]
[Site "Toronto CAN"]
[Date "1985.07.27"]
[Round "1"]
[White "Yue (Young), Oliver"]
[Black "Brodie, Hugh"]
[Result "1/2-1/2"]
[WhiteElo "1824"]
[BlackElo "1948"]
[PlyCount "130"]
[EventDate "1985.07.27"]
[EventType "swiss"]
[EventRounds "9"]
[EventCountry "CAN"]

1. e4 c5 2. Nf3 Nc6 3. d4 cxd4 4. Nxd4 g6 5. Nxc6 bxc6 6. Qd4 Nf6 7. e5 Ng8 8.
e6 Nf6 9. exf7+ Kxf7 10. Bc4+ d5 11. O-O e5 12. Qd1 Bd6 13. Bb3 Kg7 14. Bg5 h6
15. Bh4 Rf8 16. c4 g5 17. Bg3 e4 18. cxd5 Bxg3 19. hxg3 cxd5 20. Qd4 Qb6 21.
Rd1 Bb7 22. Nc3 Rad8 23. Rd2 Rd7 24. Rad1 Rfd8 25. Na4 Qxd4 26. Rxd4 Rc8 27.
Nc3 Rcd8 28. Ba4 Re7 29. Bb3 Red7 30. a3 Kg6 31. Ba2 Kf5 32. b4 Bc6 33. Bb3 Ke5
34. Kf1 Rd6 35. Ke2 Ne8 36. f4+ gxf4 37. gxf4+ Kxf4 38. Nxd5+ Ke5 39. Ke3 Bxd5
40. Bxd5 Rxd5 41. Rxe4+ Kf6 42. Rxd5 Rxd5 43. Rxe8 Rg5 44. Kf3 Rf5+ 45. Ke4 Rg5
46. Rh8 h5 47. Rh6+ Ke7 48. Kf3 a5 49. Rb6 axb4 50. axb4 Kd7 51. g3 Kc7 52. Ra6
Rb5 53. Ra5 Rxb4 54. Rxh5 Kd6 55. Rf5 Ke6 56. g4 Ra4 57. Kg3 Ra8 58. Kf4 Rb8
59. Kg3 Ra8 60. Rf1 Rg8 61. Rf4 Ke5 62. Rf5+ Ke6 63. Kf4 Rb8 64. Kg5 Rg8+ 65.
Kf4 Rb8 1/2-1/2

[Event "Toronto int."]
[Site "Toronto CAN"]
[Date "1985.07.28"]
[Round "2"]
[White "Brodie, Hugh"]
[Black "Trefiak, John"]
[Result "1/2-1/2"]
[WhiteElo "1948"]
[BlackElo "1868"]
[PlyCount "125"]
[EventDate "1985.07.27"]
[EventType "swiss"]
[EventRounds "9"]
[EventCountry "CAN"]

1. f4 d5 2. e3 g6 3. Nf3 Bg7 4. d4 Nf6 5. Bd3 O-O 6. O-O b6 7. c3 Ba6 8. f5
gxf5 9. Bxa6 Nxa6 10. Qd3 Qc8 11. Ng5 Ne4 12. Nh3 e6 13. Nf4 Bf6 14. Nd2 Be7
15. Qe2 Nf6 16. Rf3 Kh8 17. Rh3 Nb8 18. Nf3 Rg8 19. Ne5 Qe8 20. Bd2 Nc6 21.
Ned3 Rg5 22. Be1 Qg8 23. Bh4 Rg7 24. Ne5 Qe8 25. Bxf6 Bxf6 26. Nxc6 Qxc6 27.
Nh5 Rg6 28. Nxf6 Rxf6 29. Qh5 h6 30. Qg5 Rg6 31. Rxh6+ Kg7 32. Rxg6+ fxg6 33.
Qe7+ Kg8 34. Rf1 Rf8 35. Rf3 Rf7 36. Qd8+ Rf8 37. Qg5 Kg7 38. Rh3 Qe8 39. Qh6+
Kf6 40. Qf4 e5 41. dxe5+ Qxe5 42. Qxe5+ Kxe5 43. Rh7 Kd6 44. Rg7 Rf6 45. Kf2 a5
46. Ke2 Re6 47. Kf3 c6 48. b3 Kc5 49. Ra7 g5 50. Rg7 g4+ 51. Kf4 Re4+ 52. Kxf5
Rxe3 53. Kxg4 Rxc3 54. h4 Rc2 55. Kf4 Rf2+ 56. Ke5 d4 57. g4 Re2+ 58. Kf5 Kd6
59. Rg6+ Ke7 60. Rg7+ Kd6 61. Rg6+ Ke7 62. Rg7+ Kd6 63. Rg6+ 1/2-1/2

[Event "Toronto int."]
[Site "Toronto CAN"]
[Date "1985.07.29"]
[Round "3"]
[White "Chow, Vincent"]
[Black "Brodie, Hugh"]
[Result "1/2-1/2"]
[WhiteElo "1861"]
[BlackElo "1948"]
[PlyCount "104"]
[EventDate "1985.07.27"]
[EventType "swiss"]
[EventRounds "9"]
[EventCountry "CAN"]

1. Nf3 f5 2. d3 Nf6 3. g3 e6 4. Bg2 d5 5. b3 Bd6 6. Bb2 Nbd7 7. O-O O-O 8. c4
c6 9. Nbd2 e5 10. cxd5 cxd5 11. Rc1 e4 12. Nd4 Ne5 13. dxe4 fxe4 14. Nb5 Bb8
15. Qc2 Nc6 16. Rfd1 Qb6 17. Qc5 Qxc5 18. Rxc5 a6 19. Bxf6 Rxf6 20. Nc3 Ba7 21.
Rxd5 Bxf2+ 22. Kh1 Bb6 23. Ndxe4 Rf8 24. Ng5 h6 25. Nh3 Bg4 26. Nf4 Rae8 27. h3
Bf5 28. e4 Bc8 29. a3 Kh7 30. Kh2 Ne5 31. Nce2 g5 32. Nd3 Nf3+ 33. Kh1 Be6 34.
Nc3 Bxd5 35. exd5 Bd4 36. Na4 h5 37. Nac5 Bxc5 38. Nxc5 Ne5 39. d6 Rf2 40. d7
Rd8 41. Rd5 Nxd7 42. Nxd7 Rc8 43. Nc5 b5 44. Kg1 Ra2 45. a4 bxa4 46. bxa4 Rb8
47. Be4+ Kg8 48. Rd6 Rbb2 49. Rd1 Re2 50. Kf1 Rf2+ 51. Kg1 Rfe2 52. Kf1 Rf2+
1/2-1/2

[Event "Toronto int."]
[Site "Toronto CAN"]
[Date "1985.07.30"]
[Round "4"]
[White "Brodie, Hugh"]
[Black "White, Randy"]
[Result "1/2-1/2"]
[WhiteElo "1948"]
[BlackElo "1874"]
[PlyCount "64"]
[EventDate "1985.07.27"]
[EventType "swiss"]
[EventRounds "9"]
[EventCountry "CAN"]

1. e4 c6 2. d3 d5 3. Nd2 g6 4. Ngf3 Bg7 5. g3 e5 6. Bg2 Ne7 7. O-O O-O 8. Nh4
Be6 9. f4 exf4 10. gxf4 dxe4 11. dxe4 Na6 12. Kh1 Qd7 13. a3 Rad8 14. Nhf3 Nc5
15. Qe1 Bh3 16. Nc4 Bxg2+ 17. Kxg2 Rfe8 18. Nce5 Bxe5 19. Nxe5 Qd4 20. Be3
Qxe4+ 21. Kg1 Nd7 22. Bxa7 Qa4 23. Qf2 Nxe5 24. fxe5 Qg4+ 25. Qg2 Qxg2+ 26.
Kxg2 Rd5 27. Rad1 Rxe5 28. Rd7 Rg5+ 29. Kf2 Rf5+ 30. Kg2 Rxf1 31. Kxf1 b5 32.
Rc7 f5 1/2-1/2

[Event "Toronto int."]
[Site "Toronto CAN"]
[Date "1985.07.31"]
[Round "5"]
[White "Petrovic, Zarko"]
[Black "Brodie, Hugh"]
[Result "0-1"]
[WhiteElo "1866"]
[BlackElo "1948"]
[PlyCount "88"]
[EventDate "1985.07.27"]
[EventType "swiss"]
[EventRounds "9"]
[EventCountry "CAN"]

1. d4 e6 2. Nf3 f5 3. c4 Nf6 4. Nc3 Bb4 5. Bd2 b6 6. a3 Bxc3 7. Bxc3 Bb7 8. e3
O-O 9. b3 d6 10. Be2 Nbd7 11. O-O Ne4 12. Bb2 Qe8 13. Nd2 Ndf6 14. Nxe4 Nxe4
15. Bh5 Qe7 16. Bf3 Rf6 17. d5 Rh6 18. g3 Ng5 19. Bg2 e5 20. Qd2 Rf8 21. h4 Nf7
22. f4 Bc8 23. Rae1 Rg6 24. Qf2 Nh6 25. Re2 Re8 26. Kh1 exf4 27. Qxf4 Rg4 28.
Qf2 f4 29. gxf4 Rxh4+ 30. Kg1 Bg4 31. Ree1 Bh3 32. Bxh3 Rxh3 33. Bd4 Ng4 34.
Qg2 Qh4 35. Re2 Rg3 36. Qxg3 Qxg3+ 37. Rg2 Qh4 38. Rf3 h5 39. Rfg3 Re4 40. Bc3
Rxe3 41. Rxe3 Nxe3 42. Rxg7+ Kf8 43. Rg6 Ng4 44. Bg7+ Kf7 0-1

[Event "Toronto int."]
[Site "Toronto CAN"]
[Date "1985.08.01"]
[Round "6"]
[White "Brodie, Hugh"]
[Black "Hess, Peter"]
[Result "1/2-1/2"]
[WhiteElo "1948"]
[BlackElo "1900"]
[PlyCount "83"]
[EventDate "1985.07.27"]
[EventType "swiss"]
[EventRounds "9"]
[EventCountry "CAN"]

1. e4 c5 2. Nf3 d6 3. c3 Nf6 4. Bd3 g6 5. O-O Bg7 6. Bc2 O-O 7. h3 Nc6 8. Na3
a6 9. d4 e5 10. dxc5 dxc5 11. Qe2 Qc7 12. Be3 Ne7 13. Nc4 Ne8 14. Rad1 b5 15.
Ncd2 Be6 16. Bb3 c4 17. Bc2 h6 18. Rfe1 Nd6 19. Nf1 Rad8 20. N1h2 Nb7 21. Ng4
Bxg4 22. hxg4 Nc5 23. Nh2 Ne6 24. f3 Rxd1 25. Rxd1 Rd8 26. g3 g5 27. Nf1 Bf8
28. Bf2 Rd7 29. Ne3 Qd8 30. Rxd7 Qxd7 31. Qd1 Qxd1+ 32. Bxd1 Nc6 33. Nd5 Bc5
34. Nf6+ Kg7 35. Nd5 Bxf2+ 36. Kxf2 Nc5 37. Bc2 f6 38. Ke3 Kf7 39. Kd2 Ke6 40.
Ne3 Ne7 41. Nd1 Kd6 42. Ne3 1/2-1/2

[Event "Toronto int."]
[Site "Toronto CAN"]
[Date "1985.08.02"]
[Round "7"]
[White "Brodie, Hugh"]
[Black "Leskowsky, Zoltan"]
[Result "1-0"]
[WhiteElo "1948"]
[BlackElo "1798"]
[PlyCount "121"]
[EventDate "1985.07.27"]
[EventType "swiss"]
[EventRounds "9"]
[EventCountry "CAN"]

1. f4 d5 2. Nf3 c5 3. b3 Nf6 4. e3 a6 5. Bb2 e6 6. Be2 Nc6 7. O-O Be7 8. Ne5
Qc7 9. d3 O-O 10. Nd2 Nd7 11. Nxc6 bxc6 12. e4 Bd6 13. g3 f6 14. Bg4 Nb6 15.
Bh3 Rb8 16. Rb1 Qa7 17. Kh1 Bd7 18. Qe2 Rbe8 19. Rbe1 Bc8 20. f5 exf5 21. Bxf5
Bxf5 22. Rxf5 Nd7 23. Qg2 g6 24. Rff1 Qb7 25. exd5 cxd5 26. Nc4 Be7 27. Re6 Qa8
28. Rfe1 dxc4 29. Qxa8 Rxa8 30. Rxe7 Rad8 31. dxc4 Nb8 32. R1e6 Rd1+ 33. Kg2
Rd2+ 34. Kf3 Nd7 35. Re2 Rd6 36. R2e6 Rxe6 37. Rxe6 Nb8 38. Rxf6 Rd8 39. Ke2
Re8+ 40. Kd2 Rd8+ 41. Kc1 Re8 42. Rd6 Kf7 43. Rd5 Re1+ 44. Kd2 Rg1 45. Rxc5
Rg2+ 46. Kd3 Rxh2 47. b4 Ke6 48. b5 Rg2 49. bxa6 Rxg3+ 50. Kd2 Rg2+ 51. Kd3
Rg3+ 52. Ke4 Nxa6 53. Rc6+ Kd7 54. Rxa6 Rg4+ 55. Kd5 h5 56. c5 Rg2 57. c6+ Ke7
58. Ba3+ Kf7 59. c7 Rd2+ 60. Kc6 Rxc2+ 61. Bc5 1-0

[Event "Toronto int."]
[Site "Toronto CAN"]
[Date "1985.08.03"]
[Round "8"]
[White "Oparic, Ivan"]
[Black "Brodie, Hugh"]
[Result "1-0"]
[WhiteElo "1938"]
[BlackElo "1948"]
[PlyCount "39"]
[EventDate "1985.07.27"]
[EventType "swiss"]
[EventRounds "9"]
[EventCountry "CAN"]

1. Nf3 f5 2. e4 e5 3. Nc3 Nc6 4. d4 fxe4 5. Nxe5 Nf6 6. Bg5 Bb4 7. Bc4 d5 8.
Bxf6 Qxf6 9. Bxd5 Nxe5 10. dxe5 Qxe5 11. O-O Bxc3 12. bxc3 c6 13. Bxe4 Qxc3 14.
Qh5+ g6 15. Bxg6+ hxg6 16. Qxg6+ Kd8 17. Rad1+ Kc7 18. Qd6+ Kb6 19. Rd3 Qc4 20.
Rb1+ 1-0

[Event "CAN-op"]
[Site "Edmonton CAN"]
[Date "1985.07.13"]
[Round "1"]
[White "Brodie, Hugh"]
[Black "Barnes, Graham"]
[Result "1/2-1/2"]
[WhiteElo "1948"]
[BlackElo "1711"]
[PlyCount "117"]
[EventDate "1985.07.13"]
[EventType "swiss"]
[EventRounds "10"]
[EventCountry "CAN"]

1. e4 c5 2. Nf3 e6 3. b4 cxb4 4. d4 d5 5. e5 Nc6 6. Bd3 Nge7 7. O-O Nf5 8. Be3
Be7 9. c4 bxc3 10. Nxc3 Nh4 11. Nxh4 Bxh4 12. Qg4 g6 13. Rac1 Be7 14. Ne2 Bd7
15. Nf4 Rc8 16. Qh3 Bg5 17. Nxg6 fxg6 18. Bxg6+ Kf8 19. Qh5 Kg7 20. Bxg5 hxg6
21. Bf6+ Kf7 22. Qg4 Qg8 23. Bxh8 Qxh8 24. Rc3 Qh5 25. Rf3+ Kg7 26. Qf4 Qf5 27.
Qh4 Rh8 28. Qxh8+ Kxh8 29. Rxf5 exf5 30. Rd1 Kg7 31. f4 Kf7 32. Kf2 Na5 33. Rb1
b6 34. Ke3 Nc4+ 35. Kd3 a6 36. Kc3 Bb5 37. Re1 Ke6 38. Kc2 Na5 39. Re3 Bf1 40.
Rg3 Kf7 41. a4 Nc4 42. Kc3 Be2 43. e6+ Kxe6 44. Rxg6+ Kf7 45. Rc6 Bd1 46. Kb4
Ke7 47. h4 a5+ 48. Kc3 Bxa4 49. Rc7+ Kf6 50. h5 Nd6 51. Kd3 Nf7 52. Rb7 b5 53.
Ra7 Bb3 54. Rxa5 Bc4+ 55. Kc3 Nh6 56. Ra6+ Kg7 57. Kb4 Ng4 58. Rg6+ Kh7 59. Re6
1/2-1/2

[Event "CAN-op"]
[Site "Edmonton CAN"]
[Date "1985.07.14"]
[Round "2"]
[White "Loadman, Ian"]
[Black "Brodie, Hugh"]
[Result "1-0"]
[WhiteElo "2143"]
[BlackElo "1948"]
[PlyCount "121"]
[EventDate "1985.07.13"]
[EventType "swiss"]
[EventRounds "10"]
[EventCountry "CAN"]

1. e4 c5 2. Nf3 Nc6 3. d4 cxd4 4. Nxd4 g6 5. Be2 Bg7 6. Nb3 Nf6 7. Nc3 O-O 8.
O-O d6 9. Bg5 h6 10. Bh4 Be6 11. Kh1 Na5 12. f4 Rc8 13. Nd5 Bxd5 14. exd5 Nc4
15. Bxc4 Rxc4 16. Qd3 Rc7 17. Rae1 Qd7 18. h3 Qa4 19. a3 Rfc8 20. Re2 Kf8 21.
Rfe1 g5 22. fxg5 Qxh4 23. gxf6 Qxf6 24. c3 Qg6 25. Qf3 Qf6 26. Qg4 Qg6 27. Qxg6
fxg6 28. Re4 Bf6 29. Kg1 Rc4 30. Kf2 R8c7 31. R1e2 Ke8 32. Ke1 Bh4+ 33. Kd2
Bg5+ 34. Kd3 Rxe4 35. Rxe4 Bf6 36. Rg4 Kf7 37. Nd4 Bxd4 38. Kxd4 h5 39. Rf4+
Kg7 40. c4 Rc8 41. Re4 Kf7 42. b4 b6 43. Re2 Ke8 44. Re6 Kf7 45. Re2 Ke8 46.
Re3 Kf7 47. a4 a6 48. Re2 Rc7 49. Rf2+ Kg7 50. Ra2 Kf7 51. a5 b5 52. cxb5 axb5
53. Ra3 Rc4+ 54. Kd3 e6 55. a6 Rc8 56. a7 Ra8 57. dxe6+ Kxe6 58. Kd4 h4 59. Ra6
g5 60. Ke4 Kd7 61. Kf5 1-0

[Event "CAN-op"]
[Site "Edmonton CAN"]
[Date "1985.07.14"]
[Round "3"]
[White "Brodie, Hugh"]
[Black "Jachowicz, Paul"]
[Result "1-0"]
[WhiteElo "1948"]
[BlackElo "1403"]
[PlyCount "95"]
[EventDate "1985.07.13"]
[EventType "swiss"]
[EventRounds "10"]
[EventCountry "CAN"]

1. f4 e5 2. fxe5 d5 3. exd6 Bxd6 4. Nf3 Nf6 5. d4 O-O 6. Qd3 Re8 7. Bg5 h6 8.
Bh4 Nc6 9. c3 b6 10. Nbd2 Bb7 11. O-O-O a5 12. e4 Be7 13. Bxf6 Bxf6 14. e5 Be7
15. Qf5 Qc8 16. Qxc8 Raxc8 17. Bb5 Red8 18. Rhf1 Na7 19. Bd3 c5 20. Kb1 b5 21.
Be4 Ba6 22. d5 Bf8 23. d6 f6 24. d7 Rc7 25. e6 Bb7 26. Rde1 Be7 27. Nh4 Bxe4+
28. Nxe4 Nc6 29. Ng6 c4 30. Rf5 Rb7 31. Rf2 Kh7 32. Nxe7 Nxe7 33. Nd6 Rbb8 34.
Nf5 Nc6 35. e7 Nxe7 36. Rxe7 Rb7 37. Rxg7+ Kh8 38. Rd2 b4 39. Re7 Rbb8 40. cxb4
axb4 41. Nxh6 c3 42. Rd5 c2+ 43. Kxc2 f5 44. Nf7+ Kg8 45. Nxd8 b3+ 46. axb3 Rb6
47. Ne6 Rc6+ 48. Kd2 1-0

[Event "CAN-op"]
[Site "Edmonton CAN"]
[Date "1985.07.15"]
[Round "4"]
[White "Wong, Ford"]
[Black "Brodie, Hugh"]
[Result "0-1"]
[WhiteElo "1652"]
[BlackElo "1948"]
[PlyCount "98"]
[EventDate "1985.07.13"]
[EventType "swiss"]
[EventRounds "10"]
[EventCountry "CAN"]

1. d4 e6 2. c4 Bb4+ 3. Bd2 Qe7 4. Nc3 f5 5. a3 Bxc3 6. Bxc3 b6 7. e3 Bb7 8. Nf3
Nf6 9. b4 O-O 10. g3 d6 11. Bg2 Nbd7 12. O-O Ne4 13. Bb2 Ndf6 14. Nd2 e5 15. d5
Nxd2 16. Qxd2 Rae8 17. Bh3 Bc8 18. f3 Qf7 19. Rae1 Qh5 20. Bg2 Re7 21. Re2 Ba6
22. b5 Bc8 23. h3 Nd7 24. Qe1 Nc5 25. g4 Qg6 26. Qb1 Qh6 27. e4 fxe4 28. fxe4
Ref7 29. Rxf7 Rxf7 30. Qe1 Nd3 31. Qg3 Nxb2 32. g5 Qh5 33. Rxb2 Qd1+ 34. Kh2
Qd4 35. Rc2 Rf4 36. Qc3 Qd1 37. Rc1 Qh5 38. Qd2 Qxg5 39. Rf1 h6 40. Rxf4 Qxf4+
41. Qxf4 exf4 42. h4 g5 43. hxg5 hxg5 44. Kg1 Kf7 45. Kf2 Kf6 46. Ke2 Ke5 47.
Kd3 g4 48. Bf1 Bd7 49. a4 Be8 0-1

[Event "CAN-op"]
[Site "Edmonton CAN"]
[Date "1985.07.16"]
[Round "5"]
[White "Brodie, Hugh"]
[Black "Burgess, Doug"]
[Result "1-0"]
[WhiteElo "1948"]
[BlackElo "1757"]
[PlyCount "55"]
[EventDate "1985.07.13"]
[EventType "swiss"]
[EventRounds "10"]
[EventCountry "CAN"]

1. f4 d6 2. e4 g6 3. d4 Bg7 4. Nf3 Bg4 5. c3 Nf6 6. e5 dxe5 7. fxe5 Nd5 8. Bc4
O-O 9. O-O Nc6 10. h3 Bf5 11. Nh4 Be6 12. Qe2 Na5 13. Bd3 b6 14. b4 Nb7 15. Nf3
c5 16. bxc5 bxc5 17. c4 Nb4 18. Be4 Rb8 19. d5 Bd7 20. Bf4 e6 21. Nc3 Nd6 22.
Bg5 Qa5 23. Be7 Nxe4 24. Nxe4 Rfe8 25. Nf6+ Bxf6 26. Bxf6 Nxd5 27. cxd5 Bb5 28.
Qe3 1-0

[Event "CAN-op"]
[Site "Edmonton CAN"]
[Date "1985.07.17"]
[Round "6"]
[White "Trost, Richard"]
[Black "Brodie, Hugh"]
[Result "0-1"]
[WhiteElo "1424"]
[BlackElo "1948"]
[PlyCount "86"]
[EventDate "1985.07.13"]
[EventType "swiss"]
[EventRounds "10"]
[EventCountry "CAN"]

1. d4 e6 2. c4 Bb4+ 3. Nc3 f5 4. Bf4 b6 5. f3 Nf6 6. Bg5 Bb7 7. e3 O-O 8. Bd3
h6 9. Bh4 d6 10. Nge2 Nbd7 11. O-O Bxc3 12. bxc3 Qe8 13. Qc2 Qh5 14. Bg3 Qe8
15. e4 fxe4 16. fxe4 e5 17. d5 Nc5 18. Bf2 Ncd7 19. Ng3 Ng4 20. Be2 Nxf2 21.
Rxf2 Rxf2 22. Kxf2 g6 23. Kg1 Nc5 24. Rf1 Qe7 25. Qd2 Kg7 26. Qe3 Rf8 27. Bg4
Rxf1+ 28. Kxf1 Qf6+ 29. Kg1 Qf4 30. Qxf4 exf4 31. Ne2 g5 32. Nd4 Ba6 33. Be2
Kf6 34. Nb5 Bxb5 35. cxb5 Nxe4 36. c4 Ke5 37. Bd3 Kd4 38. Bxe4 Kxe4 39. Kf2 g4
40. h3 h5 41. a4 Kd4 42. h4 Kxc4 43. g3 f3 0-1

[Event "CAN-op"]
[Site "Edmonton CAN"]
[Date "1985.07.18"]
[Round "7"]
[White "Bolton, James"]
[Black "Brodie, Hugh"]
[Result "1-0"]
[WhiteElo "2419"]
[BlackElo "1948"]
[PlyCount "115"]
[EventDate "1985.07.13"]
[EventType "swiss"]
[EventRounds "10"]
[EventCountry "CAN"]

1. e4 c5 2. f4 e6 3. Be2 d5 4. d3 Nc6 5. c3 g6 6. Nf3 Bg7 7. O-O Nge7 8. Qe1
Qb6 9. e5 Bd7 10. Na3 c4+ 11. Kh1 cxd3 12. Bxd3 a6 13. Nc2 Na5 14. Be3 Qc7 15.
Qf2 Nc4 16. Bxc4 Qxc4 17. Na3 Qa4 18. g3 O-O 19. Bc5 Rfe8 20. b3 Qc6 21. Rac1
b5 22. Nc2 Rac8 23. b4 Qb7 24. Ncd4 Nc6 25. Kg1 a5 26. a3 axb4 27. axb4 Ra8 28.
Ra1 Rxa1 29. Rxa1 Ra8 30. Qb2 Ra6 31. Nxc6 Qxc6 32. Nd4 Qa8 33. Rxa6 Qxa6 34.
Kf2 f6 35. exf6 Bxf6 36. Nf3 Qa4 37. Bd4 Kf7 38. Bxf6 Kxf6 39. c4+ Kf7 40. c5
Qd1 41. Qc3 h6 42. c6 Bc8 43. Ne5+ Ke8 44. c7 d4 45. Qc6+ Ke7 46. Qc5+ Ke8 47.
Qxb5+ Ke7 48. Nc6+ Kf7 49. Ne5+ Ke7 50. Nxg6+ Kf6 51. Ne5 Qc2+ 52. Qe2 Qxc7 53.
Qd3 Qb6 54. Qg6+ Ke7 55. Qf7+ Kd8 56. Qf8+ Kc7 57. Qc5+ Kb7 58. Kf3 1-0

[Event "CAN-op"]
[Site "Edmonton CAN"]
[Date "1985.07.19"]
[Round "8"]
[White "Brodie, Hugh"]
[Black "Kirton, Dale"]
[Result "0-1"]
[WhiteElo "1948"]
[BlackElo "2081"]
[PlyCount "57"]
[EventDate "1985.07.13"]
[EventType "swiss"]
[EventRounds "10"]
[EventCountry "CAN"]

1. e4 c5 2. Nf3 d6 3. c3 Nf6 4. Bd3 Nc6 5. Bc2 g6 6. O-O Bg7 7. h3 O-O 8. d3
Qc7 9. Re1 e5 10. Be3 b6 11. Nbd2 Bb7 12. Nf1 d5 13. Qc1 d4 14. Bh6 Ne8 15. Ba4
Rc8 16. N1h2 Qe7 17. Ng4 f6 18. Bxg7 Nxg7 19. Bb3+ Ne6 20. Qh6 Ncd8 21. Qh4 Qg7
22. Rac1 h5 23. Ngh2 Qh6 24. cxd4 cxd4 25. Rxc8 Bxc8 26. g4 Kg7 27. Rd1 Nf4 28.
g5 fxg5 29. Nxg5 0-1